Introduction to automata theory languages and computation / (Record no. 184967)
[ view plain ]
| 000 -LEADER | |
|---|---|
| fixed length control field | 00830nam a2200253Ia 4500 |
| 003 - CONTROL NUMBER IDENTIFIER | |
| control field | OSt |
| 005 - DATE AND TIME OF LATEST TRANSACTION | |
| control field | 20260317111910.0 |
| 008 - FIXED-LENGTH DATA ELEMENTS--GENERAL INFORMATION | |
| fixed length control field | 210716s2002 xx 000 0 und d |
| 020 ## - INTERNATIONAL STANDARD BOOK NUMBER | |
| International Standard Book Number | 8178083477 |
| 040 ## - CATALOGING SOURCE | |
| Transcribing agency | AIMIT LIBRARY |
| 041 ## - LANGUAGE CODE | |
| Language code of text/sound track or separate title | eng |
| 082 ## - DEWEY DECIMAL CLASSIFICATION NUMBER | |
| Classification number | 511.3 |
| Edition number | 2 |
| Item number | HOPJ |
| 100 ## - MAIN ENTRY--PERSONAL NAME | |
| Personal name | Hopcroft, John E. |
| 9 (RLIN) | 258794 |
| 245 ## - TITLE STATEMENT | |
| Title | Introduction to automata theory languages and computation / |
| Statement of responsibility, etc. | By John E Hopcroft, Rajeev Motwani and Jeffrey D Ullman. |
| 250 ## - EDITION STATEMENT | |
| Edition statement | 2nd ed. |
| 260 ## - PUBLICATION, DISTRIBUTION, ETC. | |
| Place of publication, distribution, etc. | New Delhi : |
| Name of publisher, distributor, etc. | Pearson Education , |
| Date of publication, distribution, etc. | 2002. |
| 300 ## - PHYSICAL DESCRIPTION | |
| Extent | xiv,521p. ; |
| Other physical details | PB |
| Dimensions | 24.5 cm |
| 650 ## - SUBJECT ADDED ENTRY--TOPICAL TERM | |
| Topical term or geographic name entry element | Regular expressions and languages |
| 9 (RLIN) | 258795 |
| 650 ## - SUBJECT ADDED ENTRY--TOPICAL TERM | |
| Topical term or geographic name entry element | Pushdown automata |
| 9 (RLIN) | 258796 |
| 650 ## - SUBJECT ADDED ENTRY--TOPICAL TERM | |
| Topical term or geographic name entry element | Intratable problems |
| 9 (RLIN) | 258797 |
| 700 ## - ADDED ENTRY--PERSONAL NAME | |
| Personal name | Motwani, Rajeev. |
| 9 (RLIN) | 258798 |
| 700 ## - ADDED ENTRY--PERSONAL NAME | |
| Personal name | Ullman, Jeffrey D. |
| 9 (RLIN) | 258799 |
| 942 ## - ADDED ENTRY ELEMENTS (KOHA) | |
| Source of classification or shelving scheme | Dewey Decimal Classification |
| Koha item type | Book |
| Edition | 1st |
| Call number prefix | 511.3 HOPJ |
| Withdrawn status | Lost status | Damaged status | Not for loan | Collection code | Home library | Current library | Date acquired | Cost, normal purchase price | Total Checkouts | Full call number | Barcode | Date last seen | Cost, replacement price | Price effective from | Koha item type |
|---|---|---|---|---|---|---|---|---|---|---|---|---|---|---|---|
| MCA | St Aloysius Institute of Management & Information Technology | St Aloysius Institute of Management & Information Technology | 07/16/2021 | 295.00 | 511.3 HOPJ | MCA04475 | 05/23/2026 | 295.00 | 07/16/2021 | Book |